Not Quite Federal Holidays Quiz Stats

 Plays Quiz Updated Apr 21, 2018

Score 0/28 Timer 10:00
1 Play Today
% Correct
Wright Brothers Day
87.6%
Election Day (Democracy Day)
87.1%
National Pearl Harbor Remembrance Day
87.1%
Child Health Day
87%
Rosa Parks Day
86.6%
Constitution Day
86.6%
National Day of Prayer
85.5%
Lincoln's Birthday
85.4%
Native American Day
84.7%
Flag Day
84.6%
National Girls and Women in Sports Day
84%
Leif Erikson Day
83.9%
White Cane Safety Day
83.3%
Fred Korematsu Day
82.9%
% Correct
Susan B. Anthony Day
82.3%
German-American Day
82.2%
General Pulaski Memorial Day
81.1%
Law Day
80.1%
Stephen Foster Memorial Day
80%
United States National Maritime Day
79.4%
Victory Day
78.3%
National Day of Service and Remembrance
78.1%
Cesar Chavez Day
75.1%
National Freedom Day
71.5%
Women's Equality Day
70.1%
Peace Officers Memorial Day
68.9%
Malcolm X Day
65.7%
The Eighth
56.1%

You're not logged in!

Compare scores with friends on all Sporcle quizzes.
OR
Log In

Sporcle TV

Today on Sporcle TV


Watch our educational content, quiz creation guides, and fun videos on Sporcle TV.

Show Comments

Extras

Top Quizzes Today


Score Distribution

Your Account Isn't Verified!

In order to create a playlist on Sporcle, you need to verify the email address you used during registration. Go to your Sporcle Settings to finish the process.

Report this User

Report this user for behavior that violates our Community Guidelines.

Details: